Welcome to CU Library Online Public Access Catalogue (OPAC)

Fundamentals of Corporate Finance (Record no. 9256)

MARC details
000 -LEADER
fixed length control field 00679nam a22002057a 4500
005 - DATE AND TIME OF LATEST TRANSACTION
control field 20260420103936.0
008 - FIXED-LENGTH DATA ELEMENTS--GENERAL INFORMATION
fixed length control field 260420b |||||||| |||| 00| 0 eng d
020 ## - INTERNATIONAL STANDARD BOOK NUMBER
International Standard Book Number 9780256164589
020 ## - INTERNATIONAL STANDARD BOOK NUMBER
International Standard Book Number 0256164584
Qualifying information alternate edition
020 ## - INTERNATIONAL STANDARD BOOK NUMBER
International Standard Book Number 0256257728
Qualifying information standard edition
050 ## - LIBRARY OF CONGRESS CALL NUMBER
Classification number HG4026 ROS
100 ## - MAIN ENTRY--PERSONAL NAME
Personal name Ross, Stephen A.
245 ## - TITLE STATEMENT
Title Fundamentals of Corporate Finance
Statement of responsibility, etc. Stephen A. Ross, Randolph W. Westerfield & Bradford D. Jordan
250 ## - EDITION STATEMENT
Edition statement 4th ed.
Remainder of edition statement alternate edition
260 ## - PUBLICATION, DISTRIBUTION, ETC.
Place of publication, distribution, etc. Boston
Name of publisher, distributor, etc. Irwin/McGraw-Hill
Date of publication, distribution, etc. 1998
300 ## - PHYSICAL DESCRIPTION
Extent xxxi. 826p.
Other physical details ill. color
Dimensions 26cm
700 ## - ADDED ENTRY--PERSONAL NAME
Personal name Westerfield, Randolph W.
700 ## - ADDED ENTRY--PERSONAL NAME
Personal name Jordan, Bradford D.
942 ## - ADDED ENTRY ELEMENTS (KOHA)
Source of classification or shelving scheme Library of Congress Classification
Koha item type Books
Edition 4th ed.
Suppress in OPAC No
999 ## -
-- 9256
-- 9256
Holdings
Withdrawn status Lost status Source of classification or shelving scheme Damaged status Not for loan Collection Home library Current library Shelving location Date acquired Total checkouts Full call number Barcode Date last seen Copy number Price effective from Koha item type
    Library of Congress Classification     Non-fiction Business Library (Miotso) Business Library (Miotso) General stacks 04/20/2026   HG4026 ROS BSSM00003222 04/20/2026 1 04/20/2026 Books
    Library of Congress Classification     Non-fiction Business Library (Miotso) Business Library (Miotso) General stacks 04/20/2026   HG4026 ROS BSSM00003223 04/20/2026 2 04/20/2026 Books
    Library of Congress Classification     Non-fiction Business Library (Miotso) Business Library (Miotso) General stacks 04/20/2026   HG4026 ROS BSSM00003224 04/20/2026 3 04/20/2026 Books
    Library of Congress Classification     Non-fiction Business Library (Miotso) Business Library (Miotso) General stacks 04/20/2026   HG4026 ROS BSSM00003225 04/20/2026 4 04/20/2026 Books
    Library of Congress Classification     Non-fiction Business Library (Miotso) Business Library (Miotso) General stacks 04/20/2026   HG4026 ROS BSSM00003226 04/20/2026 5 04/20/2026 Books
© 2023-2024 Copyright: Central University Libraries. All Rights Reserved | Created by: Mahone Tech Office